Loading...
കഥാസാഹിത്യം
| Main Authors: | , |
|---|---|
| Format: | Printed Book |
| Published: |
Alappy;
Sree Narasimha Vilasam Book Depot;
|
| Edition: | 1st |
| Subjects: |
| LEADER | 00611nam a22001817a 4500 | ||
|---|---|---|---|
| 082 | |b MAD/K |a 894.M4 | ||
| 100 | |a മാധവ൯ ആ൪ |9 85445 | ||
| 100 | |a Madhavan R |9 85446 | ||
| 240 | |a Kathasahithyam | ||
| 245 | |a കഥാസാഹിത്യം | ||
| 250 | |a 1st | ||
| 260 | |a Alappy; |b Sree Narasimha Vilasam Book Depot; | ||
| 300 | |a 264p. | ||
| 650 | |a മലയാളം; |9 262956 | ||
| 650 | |a Malayalam; |9 262957 | ||
| 942 | |c BK | ||
| 999 | |c 48699 |d 48699 | ||
| 952 | |0 0 |1 0 |4 0 |6 894_000000000000000_M4_MAD_K |7 0 |8 ESS |9 57395 |a MAL |b MAL |d 2016-02-26 |e 10825 |g 5.00 |l 0 |o 894.M4 MAD/K |p MAL010825 |r 2016-02-26 |t 1 |w 2016-02-26 |y BK | ||